[Event "POR-chT2"]
[Site "Lisbon"]
[Date "1998.??.??"]
[Round "?"]
[White "Fernandes, Alberto Manuel"]
[Black "Alexandre, Jorge"]
[Result "1-0"]
[WhiteElo "2200"]
[BlackElo "2265"]
[PlyCount "83"]
[EventDate "1998.??.??"]
[EventType "team"]
[EventRounds "8"]
[EventCountry "POR"]
[SourceTitle "EXT 2000"]
[Source "ChessBase"]
[SourceDate "1999.11.16"]
[SourceVersion "1"]
[SourceVersionDate "1999.11.16"]
[SourceQuality "1"]

1. e4 e6 2. d4 c5 3. Nf3 cxd4 4. Nxd4 Nf6 5. Bd3 Nc6 6. Nxc6 dxc6 7. 0-0 e5 8. Kh1 Bc5 9. Qe2 Be6 10. f4 exf4 11. Bxf4 Nd7 12. Nd2 Qe7 13. e5 0-0-0 14. Ne4 h6 15. c3 Bb6 16. b4 Rhf8 17. Bg3 Bc7 18. Nd6+ Kb8 19. c4 Nxe5 20. c5 f6 21. b5 Bxd6 22. cxd6 Qxd6 23. bxc6 bxc6 24. Be4 Bd5 25. Qa6 Ka8 26. Rab1 Rb8 27. Bxd5 Qxd5 28. Bxe5 Rxb1 29. Rxb1 c5 30. Bg3 Rd8 31. h3 c4 32. Bf2 Qd7 33. Qxc4 Rc8 34. Qe4+ Qc6 35. Qe7 Qc7 36. Qe4+ Qc6 37. Qe3 Rc7 38. Kh2 Qc2 39. Rb3 a5 40. Qe8+ Rc8 41. Qb5 Qc7+ 42. Bg3 1-0

[Event "Lisbon Masters"]
[Site "Lisbon"]
[Date "1997.??.??"]
[Round "7"]
[White "Alexandre, Jorge"]
[Black "Quadrio, Alexandre"]
[Result "1-0"]
[WhiteElo "2295"]
[BlackElo "2230"]
[PlyCount "85"]
[EventDate "1997.??.??"]
[EventType "tourn"]
[EventRounds "9"]
[EventCountry "POR"]
[EventCategory "4"]
[SourceTitle "CBM 056 Extra"]
[Source "ChessBase"]
[SourceDate "1997.03.01"]
[SourceVersion "1"]
[SourceVersionDate "1997.03.01"]
[SourceQuality "1"]

1. c4 Nf6 2. Nc3 e5 3. g3 d5 4. cxd5 Nxd5 5. Bg2 Nb6 6. Nf3 Nc6 7. 0-0 Be7 8. d3 g5 9. b3 g4 10. Nd2 h5 11. Bb2 Be6 12. Nc4 f6 13. a4 Nd5 14. Rc1 Qd7 15. a5 a6 16. Nxd5 Bxd5 17. Bxd5 Qxd5 18. e4 Qd7 19. Ne3 0-0-0 20. Nd5 Rh6 21. b4 h4 22. b5 axb5 23. a6 Kb8 24. axb7 Bd6 25. Rc2 Rdh8 26. Qa1 Kxb7 27. Rfc1 Ra8 28. Qb1 Nd4 29. Bxd4 exd4 30. Rxc7+ Bxc7 31. Rxc7+ Qxc7 32. Nxc7 Kxc7 33. gxh4 Kb6 34. Qb4 Ra4 35. Qd6+ Ka5 36. Qd8+ Ka6 37. Kg2 Kb7 38. Kg3 Rh7 39. Qxf6 Rc7 40. h5 Rc6 41. Qg7+ Rc7 42. Qe5 Kb6 43. Kxg4 1-0

[Event "Lisbon Masters"]
[Site "Lisbon"]
[Date "1997.??.??"]
[Round "9"]
[White "Alexandre, Jorge"]
[Black "Santos, Carlos Pereira Dos"]
[Result "0-1"]
[WhiteElo "2295"]
[BlackElo "2340"]
[PlyCount "58"]
[EventDate "1997.??.??"]
[EventType "tourn"]
[EventRounds "9"]
[EventCountry "POR"]
[EventCategory "4"]
[SourceTitle "CBM 056 Extra"]
[Source "ChessBase"]
[SourceDate "1997.03.01"]
[SourceVersion "1"]
[SourceVersionDate "1997.03.01"]
[SourceQuality "1"]

1. c4 g6 2. d4 Nf6 3. Nc3 Bg7 4. e4 d6 5. Bd3 0-0 6. f3 c6 7. Nge2 Nbd7 8. Be3 e5 9. d5 cxd5 10. cxd5 a6 11. g4 Nc5 12. Ng3 h6 13. h4 Nh7 14. Qd2 Nxd3+ 15. Qxd3 Bf6 16. Bxh6 Bxh4 17. Kf2 Re8 18. Qe3 Bg5 19. Bxg5 Qxg5 20. Qxg5 Nxg5 21. Rh6 Bd7 22. Rah1 Kg7 23. Ke3 Rac8 24. R6h2 Rc4 25. Nf1 Rec8 26. a3 Rxc3+ 27. bxc3 Rxc3+ 28. Ke2 Bb5+ 29. Kd2 Rxf3 0-1

[Event "Lisbon-ch"]
[Site "Lisbon"]
[Date "1994.??.??"]
[Round "8"]
[White "Oliveira, Antonio"]
[Black "Alexandre, Jorge"]
[Result "1-0"]
[WhiteElo "2280"]
[BlackElo "2305"]
[PlyCount "93"]
[EventDate "1994.??.??"]
[EventType "tourn"]
[EventRounds "11"]
[EventCountry "POR"]
[SourceTitle "EXT 1998"]
[Source "ChessBase"]
[SourceDate "1997.11.17"]
[SourceVersion "1"]
[SourceVersionDate "1997.11.17"]
[SourceQuality "1"]

1. e4 e6 2. d3 d5 3. Nd2 Nf6 4. Ngf3 c5 5. g3 Nc6 6. Bg2 dxe4 7. dxe4 e5 8. 0-0 Be7 9. b3 Be6 10. Bb2 Qc7 11. Qe2 Nd4 12. Bxd4 cxd4 13. Qb5+ Nd7 14. Ne1 a6 15. Qe2 Rc8 16. f4 f6 17. f5 Bf7 18. Rc1 Ba3 19. Rd1 Qa5 20. Nb1 Bc5 21. Qd3 Qxa2 22. Kh1 Bb4 23. Rf2 Bh5 24. Bf3 Bf7 25. Rg2 Qa5 26. Qf1 Bxe1 27. Rxe1 Ke7 28. g4 h6 29. h4 Qb6 30. Na3 Qb4 31. Nc4 Bxc4 32. bxc4 Qxc4 33. Be2 Qc6 34. Bd3 Nc5 35. Kg1 b5 36. Ra1 Ra8 37. Qe1 Qb6 38. g5 hxg5 39. hxg5 Rh3 40. Qb4 Rah8 41. Rxa6 Qxa6 42. Qxc5+ Kd8 43. Bxb5 Qa1+ 44. Kf2 Rf3+ 45. Kxf3 Qd1+ 46. Be2 Qd2 47. Qd6+ 1-0

[Event "POR-chT"]
[Site "Portugal"]
[Date "1994.??.??"]
[Round "?"]
[White "Santos, Carlos Pereira Dos"]
[Black "Alexandre, Jorge"]
[Result "1-0"]
[WhiteElo "2300"]
[BlackElo "2305"]
[PlyCount "81"]
[EventDate "1994.??.??"]
[EventType "team"]
[EventRounds "11"]
[EventCountry "POR"]
[SourceTitle "EXT 1998"]
[Source "ChessBase"]
[SourceDate "1997.11.17"]
[SourceVersion "1"]
[SourceVersionDate "1997.11.17"]
[SourceQuality "1"]

1. d4 d5 2. c4 c6 3. Nf3 e6 4. Nc3 Nf6 5. e3 Bd6 6. Qc2 Nbd7 7. e4 Nxe4 8. Nxe4 dxe4 9. Qxe4 Nf6 10. Qh4 Qa5+ 11. Bd2 Qh5 12. Qxh5 Nxh5 13. 0-0-0 Bd7 14. Ne5 Nf6 15. Be2 Rc8 16. Bf3 b5 17. g4 bxc4 18. Nxc4 Bc7 19. Bb4 Nd5 20. Bc5 Rb8 21. Bxa7 Bf4+ 22. Kc2 Ra8 23. Bc5 Rxa2 24. Ra1 Rxa1 25. Rxa1 Kd8 26. Ra8+ Bc8 27. Bxd5 exd5 28. Nb6 Kc7 29. Nxc8 Rxc8 30. Ra7+ Kb8 31. Rxf7 Bxh2 32. Rxg7 Rc7 33. Rg5 Rf7 34. Rf5 Rg7 35. g5 Kc7 36. f4 Kb7 37. Bd6 Ka6 38. Rf8 Kb5 39. Be5 Rg6 40. Rb8+ Ka6 41. Rh8 1-0

[Event "Lisbon-ch"]
[Site "Lisbon"]
[Date "1993.??.??"]
[Round "8"]
[White "Alexandre, Jorge"]
[Black "Almeida, Jose Tomas Resende"]
[Result "1/2-1/2"]
[WhiteElo "2300"]
[BlackElo "2235"]
[PlyCount "106"]
[EventDate "1993.??.??"]
[EventType "tourn"]
[EventRounds "11"]
[EventCountry "POR"]
[EventCategory "1"]
[SourceTitle "EXT 1997"]
[Source "ChessBase"]
[SourceDate "1996.11.15"]
[SourceVersion "1"]
[SourceVersionDate "1996.11.15"]
[SourceQuality "1"]

1. d4 d5 2. c4 e6 3. Nf3 Nf6 4. g3 Be7 5. Bg2 0-0 6. 0-0 dxc4 7. Qc2 Bd7 8. Qxc4 Bc6 9. Nc3 Nbd7 10. Qd3 Nd5 11. Nxd5 Bxd5 12. Re1 f5 13. Nd2 Bxg2 14. Kxg2 Nf6 15. Qb3 Qd5+ 16. Qxd5 exd5 17. Nf3 Bd6 18. Bf4 Ne4 19. Rec1 c6 20. Bxd6 Nxd6 21. Ne5 Rfe8 22. Kf1 Kf8 23. a4 Ke7 24. Ra3 Rec8 25. Rb3 Rc7 26. Ke1 Rac8 27. Rbc3 Ne4 28. R3c2 Kd6 29. f3 Nf6 30. Nd3 Nd7 31. b4 Nf8 32. Nc5 Re7 33. b5 Ne6 34. Nxe6 Rxe6 35. a5 Kd7 36. Rb1 cxb5 37. Rxc8 Kxc8 38. Rxb5 Rd6 39. Kd2 b6 40. Kd3 Kc7 41. axb6+ axb6 42. e4 fxe4+ 43. fxe4 Kc6 44. Rb2 dxe4+ 45. Kxe4 Re6+ 46. Kd3 Re1 47. Rf2 Re7 48. Rf5 Ra7 49. Rg5 Kd6 50. Rh5 g6 51. Rg5 Ra5 52. Rg4 Ra2 53. Rh4 h5 1/2-1/2

[Event "POR-chT"]
[Site "Portugal"]
[Date "1993.??.??"]
[Round "10"]
[White "Alexandre, Jorge"]
[Black "Galego, Luis"]
[Result "1/2-1/2"]
[WhiteElo "2300"]
[BlackElo "2390"]
[PlyCount "153"]
[EventDate "1993.??.??"]
[EventType "team"]
[EventRounds "11"]
[EventCountry "POR"]
[SourceTitle "TD"]
[Source "ChessBase"]
[SourceDate "1994.03.01"]
[SourceVersion "1"]
[SourceVersionDate "1994.03.01"]
[SourceQuality "1"]

1. d4 Nf6 2. c4 c5 3. Nf3 cxd4 4. Nxd4 e6 5. g3 d6 6. Bg2 Be7 7. 0-0 0-0 8. Nc3 a6 9. b3 Qc7 10. Bb2 Nbd7 11. Rc1 Re8 12. e4 Ne5 13. Qe2 Bd7 14. Kh1 Qb6 15. Rfd1 Ng6 16. Rd2 Rad8 17. Rcd1 Qc7 18. h3 Bf8 19. Qe3 d5 20. e5 Nxe5 21. cxd5 exd5 22. Qf4 Bc6 23. Nf5 Qc8 24. Kh2 Ng6 25. Nh6+ Kh8 26. Qd4 Qc7 27. f4 Rd7 28. Nf5 Qa5 29. a3 Bc5 30. Qd3 Qc7 31. b4 Bf8 32. Qd4 Qd8 33. a4 b6 34. b5 axb5 35. axb5 Bb7 36. Na4 Re6 37. Qf2 Bb4 38. Rd3 Kg8 39. Nxg7 Kxg7 40. f5 Ne5 41. Qf4 Nxd3 42. Qg5+ Kh8 43. Rxd3 Red6 44. Rd4 Qg8 45. Qxg8+ Kxg8 46. Rxb4 Re7 47. Bd4 Re2 48. Nc3 Re8 49. Bf3 Ne4 50. Ne2 Bc8 51. g4 Bd7 52. Nf4 f6 53. h4 Kf7 54. Bd1 Nd2 55. Kg3 Re1 56. Bc2 Rc1 57. Bd3 Ne4+ 58. Kf3 Nc5 59. Bb1 Rc4 60. Rxc4 dxc4 61. Ke3 Nb3 62. Bc3 Bxb5 63. g5 fxg5 64. hxg5 Nc5 65. g6+ hxg6 66. fxg6+ Kg8 67. Nh5 Re6+ 68. Kf4 Nd3+ 69. Kf5 Re2 70. Nf6+ Kf8 71. Kg5 Rg2+ 72. Kh6 Be8 73. Bxd3 Rh2+ 74. Kg5 Rg2+ 75. Kh6 Rh2+ 76. Kg5 Rg2+ 77. Kh6 1/2-1/2

[Event "POR-chT"]
[Site "Portugal"]
[Date "1993.??.??"]
[Round "5"]
[White "Alexandre, Jorge"]
[Black "Leonardo, Joao Paulo L"]
[Result "0-1"]
[WhiteElo "2300"]
[BlackElo "2245"]
[PlyCount "50"]
[EventDate "1993.??.??"]
[EventType "team"]
[EventRounds "11"]
[EventCountry "POR"]
[SourceTitle "TD"]
[Source "ChessBase"]
[SourceDate "1994.03.01"]
[SourceVersion "1"]
[SourceVersionDate "1994.03.01"]
[SourceQuality "1"]

1. d4 d6 2. c4 e5 3. dxe5 Nc6 4. Nc3 Nxe5 5. e4 g6 6. Be2 Bg7 7. Be3 Nf6 8. f3 0-0 9. Qd2 Be6 10. b3 c6 11. Rd1 Qa5 12. Na4 Qxd2+ 13. Rxd2 Rfd8 14. h3 d5 15. cxd5 cxd5 16. Nc5 b6 17. Nxe6 fxe6 18. exd5 Nxd5 19. Kf2 Bf8 20. f4 Nf7 21. Bc4 Nd6 22. Bxd5 exd5 23. Rc2 d4 24. Bc1 d3 25. Rc6 d2 0-1

[Event "Lisbon-ch"]
[Site "Lisbon"]
[Date "1993.??.??"]
[Round "10"]
[White "Alexandre, Jorge"]
[Black "Pinho, Paulo Miguel"]
[Result "1-0"]
[WhiteElo "2300"]
[BlackElo "2195"]
[PlyCount "61"]
[EventDate "1993.??.??"]
[EventType "tourn"]
[EventRounds "11"]
[EventCountry "POR"]
[EventCategory "1"]
[SourceTitle "EXT 1997"]
[Source "ChessBase"]
[SourceDate "1996.11.15"]
[SourceVersion "1"]
[SourceVersionDate "1996.11.15"]
[SourceQuality "1"]

1. Nf3 Nf6 2. g3 g6 3. Bg2 Bg7 4. 0-0 0-0 5. c4 d5 6. cxd5 Nxd5 7. d4 Nb6 8. e4 Nc6 9. d5 Na5 10. Nc3 c6 11. Re1 Nac4 12. Qe2 Bg4 13. h3 Bd7 14. Kh2 e6 15. dxe6 Bxe6 16. Bf4 Nxb2 17. Qxb2 Na4 18. Nxa4 Bxb2 19. Nxb2 f6 20. Bf1 Qb6 21. Nd3 Rfd8 22. Reb1 Qa5 23. Rxb7 Qa3 24. Bc1 Qa6 25. Re7 c5 26. Be3 Rxd3 27. Bxd3 Qd6 28. Rxe6 Qxe6 29. Nd2 Kg7 30. Rb1 h5 31. Rb7+ 1-0

[Event "POR-chT"]
[Site "Portugal"]
[Date "1993.??.??"]
[Round "7"]
[White "Alexandre, Jorge"]
[Black "Spraggett, Kevin"]
[Result "0-1"]
[WhiteElo "2300"]
[BlackElo "2565"]
[PlyCount "98"]
[EventDate "1993.??.??"]
[EventType "team"]
[EventRounds "11"]
[EventCountry "POR"]
[SourceTitle "TD"]
[Source "ChessBase"]
[SourceDate "1994.03.01"]
[SourceVersion "1"]
[SourceVersionDate "1994.03.01"]
[SourceQuality "1"]

1. d4 Nf6 2. c4 e6 3. Nc3 Bb4 4. Bd2 0-0 5. e3 b6 6. Bd3 Bb7 7. f3 c5 8. Nge2 cxd4 9. Nxd4 Nc6 10. a3 Be7 11. Nxc6 Bxc6 12. 0-0 d6 13. Rc1 a6 14. Qe2 Nd7 15. Rfd1 Rc8 16. Be1 Bb7 17. Bg3 Qc7 18. Bb1 Nf6 19. Rd4 Rfd8 20. Rcd1 g6 21. Ba2 Nh5 22. Bh4 Bxh4 23. Rxh4 Nf6 24. Rhd4 Rd7 25. Qf2 Rcd8 26. Qd2 Bc6 27. e4 Kg7 28. b4 h6 29. Qe3 Rc8 30. Rc1 Qb8 31. Rd2 Rdd8 32. Rdc2 Be8 33. Ne2 a5 34. Nd4 axb4 35. axb4 e5 36. Nb5 d5 37. exd5 Nxd5 38. cxd5 Rxc2 39. Rxc2 Bxb5 40. Qc3 Qd6 41. f4 Re8 42. fxe5 Rxe5 43. Rc1 Kh7 44. Re1 Rf5 45. g3 h5 46. Rd1 Be2 47. Rd4 Qf6 48. Qe3 Rf1+ 49. Kg2 Rg1+ 0-1

[Event "Lisbon BNU op"]
[Site "Lisbon"]
[Date "1992.??.??"]
[Round "2"]
[White "Alexandre, Jorge"]
[Black "Fernandes, Antonio ETG"]
[Result "0-1"]
[WhiteElo "2300"]
[BlackElo "2440"]
[PlyCount "78"]
[EventDate "1992.??.??"]
[EventType "swiss"]
[EventRounds "9"]
[EventCountry "POR"]
[SourceTitle "EXT 2002"]
[Source "ChessBase"]
[SourceDate "2001.11.25"]
[SourceVersion "1"]
[SourceVersionDate "2001.11.25"]
[SourceQuality "1"]

1. d4 Nf6 2. c4 e6 3. Nc3 Bb4 4. e3 b6 5. Bd3 Bb7 6. f3 c5 7. a3 Bxc3+ 8. bxc3 Nc6 9. Ne2 d6 10. e4 Na5 11. Bg5 h6 12. Bf4 Ba6 13. Ng3 0-0 14. Qe2 cxd4 15. e5 dxe5 16. Bxe5 Nc6 17. Bxf6 Qxf6 18. Qe4 Rfc8 19. Qh7+ Kf8 20. 0-0 dxc3 21. Be4 Ke7 22. Bxc6 Rxc6 23. Rfe1 g6 24. Qxh6 Rh8 25. Qe3 Rxc4 26. Rac1 c2 27. Ne4 Qe5 28. f4 Qd5 29. Nd2 Rc7 30. Ne4 Rc4 31. Nd2 Bb7 32. Re2 Rc7 33. Qg3 Qd4+ 34. Kh1 Rc3 35. Qg5+ Qf6 36. Qg4 Rh4 37. Rxe6+ fxe6 38. Qe2 Qxf4 39. Nf1 Qxc1 0-1

[Event "Lisbon BNU op"]
[Site "Lisbon"]
[Date "1992.??.??"]
[Round "1"]
[White "Silva, Antonio Augusto MC"]
[Black "Alexandre, Jorge"]
[Result "1-0"]
[WhiteElo "2215"]
[BlackElo "2300"]
[PlyCount "63"]
[EventDate "1992.??.??"]
[EventType "swiss"]
[EventRounds "9"]
[EventCountry "POR"]
[SourceTitle "EXT 2002"]
[Source "ChessBase"]
[SourceDate "2001.11.25"]
[SourceVersion "1"]
[SourceVersionDate "2001.11.25"]
[SourceQuality "1"]

1. d4 d5 2. c4 c6 3. Nf3 Nf6 4. Nc3 dxc4 5. a4 Bf5 6. Ne5 e6 7. f3 Nbd7 8. Nxc4 Nb6 9. e4 Bg6 10. a5 Nxc4 11. Bxc4 Be7 12. 0-0 0-0 13. Be3 Qc7 14. Qa4 Rfd8 15. Rfc1 Rac8 16. b4 a6 17. Qb3 e5 18. d5 cxd5 19. Nxd5 Nxd5 20. Bxd5 Qd7 21. Bb6 Rxc1+ 22. Rxc1 Rc8 23. Rxc8+ Qxc8 24. Qc4 Qxc4 25. Bxc4 Bxb4 26. Bd5 Kf8 27. Bxb7 f5 28. exf5 Bxf5 29. Bxa6 e4 30. Kf2 Bd6 31. Bb7 exf3 32. a6 1-0